| 000 | 00439nam a2200157Ia 4500 | ||
|---|---|---|---|
| 008 | 230711s9999||||xx |||||||||||||| ||und|| | ||
| 041 | _aENG | ||
| 082 |
_a915.413 _bDA-M |
||
| 100 | _aDas,Piyush | ||
| 245 | 0 |
_aMemory of a stream : Gandhabati _bSacred cultural landscape of Ekamra Kshetra(Bhubaneswar) |
|
| 250 | _a1st Ed. | ||
| 260 |
_c2016 _aGhaziabad _bCopal Publishing Group |
||
| 300 | _a122p. | ||
| 650 | _aArchitecture | ||
| 942 | _cBK | ||
| 999 |
_c6054 _d6054 |
||